Lưới điện và hệ thống điện

محفوظ في:
التفاصيل البيبلوغرافية
المؤلف الرئيسي: Trần, Bách
التنسيق: كتاب
اللغة:Undetermined
منشور في: Hà Nội Khoa học và Kỹ thuật 2005
الموضوعات:
الوسوم: إضافة وسم
لا توجد وسوم, كن أول من يضع وسما على هذه التسجيلة!
Thư viện lưu trữ: Trung tâm Học liệu Trường Đại học Cần Thơ
LEADER 00632nam a2200193Ia 4500
001 CTU_106465
008 210402s9999 xx 000 0 und d
020 |c 36000 
082 |a 621.319 
082 |b B102/T2 
100 |a Trần, Bách 
245 0 |a Lưới điện và hệ thống điện 
245 0 |c Trần Bách 
260 |a Hà Nội 
260 |b Khoa học và Kỹ thuật 
260 |c 2005 
650 |a Electric power systems,Electric power transmission,Hệ thống điện,Truyền tải điện 
904 |i Hiếu 
980 |a Trung tâm Học liệu Trường Đại học Cần Thơ